Normal view
MARC view
Entry Topical Term
001 - CONTROL NUMBER
- control field: 14445
003 - CONTROL NUMBER IDENTIFIER
- control field: OSt
005 - DATE AND TIME OF LATEST TRANSACTION
- control field: 20120419154835.0
008 - FIXED-LENGTH DATA ELEMENTS
- fixed length control field: 120419|||a|||||| | ||| d
040 ## - CATALOGING SOURCE
- Original cataloging agency: OSt
- Transcribing agency: OSt
600 ## -
- : Manuscripts, Greek (Papyri)
- : Bibliography.
670 ## - SOURCE DATA FOUND
- Source citation: Work cat.: (OSt)0: Milligan, George, 1860-1934. 14444, The New Testament documents,, 1913.
